Meurthe-et-Moselle - meurthe subite - Statistiques

Statistiques générales
  • Ce quiz a été pris 36 fois
  • Le résultat moyen est 9 sur 18
Answers on the Grid
Answers color-coded by a green-red scale on the quiz's grid according to % correct below.
Rouen
Bar-le-Duc
Château-Thierry
Un million d'habitants
Reims
Salzgitter
Nancy
Toul
Laxou
Place Stanislas
Un aéroport
Forbach
Xammes
Pompey
Une frontière avec l'Allemagne
Villerupt
Pont-à-Mousson
Épinal
Montceau-les-Mines
Longwy
Mimizan
Une frontière avec le Luxembourg
Saint-Max
Vendôme
Longwy
Bayonville-sur-Mad
Sarreguemines
La Flèche
Lunéville
Godbrange
Une frontière avec la Belgique
Grandson
Gourdon
Vandœuvre-lès-Nancy
Une zone d'occupation par la Russie (1815)
Le site d'une victoire militaire suisse
 
Statistiques - réponses
Réponse % Correct
Nancy
96%
Place Stanislas
88%
Laxou
81%
Toul
69%
Vandœuvre-lès-Nancy
65%
Lunéville
58%
Longwy
54%
Longwy
54%
Pont-à-Mousson
50%
Saint-Max
46%
Une frontière avec le Luxembourg
46%
Une frontière avec la Belgique
42%
Villerupt
42%
Ville Pompey
35%
Godbrange
19%
Une zone d'occupation par la Russie (1815)
19%
Bayonville-sur-Mad
15%
Xammes
8%
Aucun quiz correspondant
Distribution des résultats
% des personnes avec chaque résultat
Percentile par nombre de réponses
Votre historique - résultats
Vous n’avez pas pris ce quiz